| 000 | 01547nam0a2200337 4500 | ||
|---|---|---|---|
| 001 | RU\NLR\bibl\422728 | ||
| 005 | 20260407064904.0 | ||
| 010 |
_a5-294-01302-Х _91000 |
||
| 035 | _a(NLR Aleph) 000416643 | ||
| 090 |
_a668729 _c668729 |
||
| 100 | _a20030724d2001 |||y0rusy50 ca | ||
| 101 | 0 | _arus | |
| 102 | _aRU | ||
| 105 | _aa ||||||||| | ||
| 200 | 1 |
_aПоэтическое наследие Сулеймана Стальского: проблемы текстологии _fФ.Р. Нагиев _gДаг. науч. центр Рос. акад. наук, Ин-т яз., лит. и искусства им. Г. Цадасы |
|
| 205 | _a2-е изд., доп. и испр. | ||
| 210 |
_aМахачкала _cПолиграф-сервис _d2001 |
||
| 215 |
_a314 с. _cил. _d20 |
||
| 316 |
_aавтограф _5NLR:2003-3/18326 |
||
| 320 | _aБиблиогр.: с. 300-311 (258 назв.) и в подстроч. примеч. | ||
| 600 | 1 |
_aСтальский _bС. _f1869 - 1937 _gСулейман _9986915 _3RU\NLR\auth\66372251 |
|
| 686 | _aШ5(2=Лез)7-4Стальский | ||
| 700 | 1 |
_4070 _8rus _7ca _aНагиев _bФ.Р. _gФейзудин Рамазанови _3RU\NLR\AUTH\7715507 _9125156 |
|
| 702 | 1 |
_4070 _8rus _7ca _aСтальский _bС. _f1869-1937 _gСулейман _3RU\NLR\AUTH\7715505 _9125154 |
|
| 801 | 0 |
_aRU _bNLR _c20030724 _gPSBO |
|
| 801 | 1 |
_aRU _bNLR _c20030724 |
|
| 830 | _aАвт. раскрыт по кн. | ||
| 942 | _cBOOK | ||
| 980 | _aNB | ||